[Event "33rd Leon Blitz Open 2020"]
[Site "chess.com INT"]
[Date "2020.07.14"]
[Round "5"]
[White "Franco Valencia, Angela"]
[Black "Skliarov, Viktor"]
[Result "0-1"]
[WhiteTitle "WIM"]
[BlackTitle "IM"]
[WhiteElo "2089"]
[BlackElo "2376"]
[WhiteFideId "4403070"]
[BlackFideId "14106736"]
[EventDate "2020.07.14"]
[EventType "blitz"]

1. e4 c5 2. Nf3 Nc6 3. d4 cxd4 4. Nxd4 Nf6 5. Nc3 e5 6. Ndb5 d6 7. Bg5 a6 8. Na3
b5 9. Nd5 Be7 10. Bxf6 Bxf6 11. c3 O-O 12. Nc2 Rb8 13. a4 bxa4 14. Ncb4 Nxb4 15.
Nxb4 Bd7 16. Bxa6 Qa5 17. Qe2 Rxb4 18. cxb4 Qxb4+ 19. Kf1 Rb8 20. f3 Qxb2 21.
Kf2 Qd4+ 22. Kg3 Bg5 23. Rhb1 Rf8 24. Qb2 Bf4+ 25. Kh4 Qa7 26. Bb7 Be6 27. g4
Qe3 28. Ra3 Bb3 29. Qg2 f5 30. exf5 Rf6 31. g5 Rxf5 32. Bd5+ Kf8 33. Raxb3 axb3
34. Rxb3 Qe1+ 35. Kh3 Rxg5 36. Rb8+ Ke7 37. Rb7+ Kd8 38. Rb8+ Ke7 39. Rb7+ Kf6
40. Rf7+ Kg6 41. Qc2+ Kh6 42. Be4 Rh5+ 43. Kg2 Rxh2# 0-1

[Event "33rd Leon Blitz Open 2020"]
[Site "chess.com INT"]
[Date "2020.07.14"]
[Round "5"]
[White "Jaracz, Pawel"]
[Black "Van Foreest, Jorden"]
[Result "0-1"]
[WhiteTitle "GM"]
[BlackTitle "GM"]
[WhiteElo "2456"]
[BlackElo "2682"]
[WhiteFideId "1102222"]
[BlackFideId "1039784"]
[EventDate "2020.07.14"]
[EventType "blitz"]

1. d4 Nf6 2. c4 Nc6 3. Nf3 d6 4. g3 Bf5 5. Bg2 g6 6. O-O Bg7 7. Nh4 Bd7 8. Nc3
O-O 9. h3 Qc8 10. Kh2 e5 11. d5 Ne7 12. e4 Ne8 13. Be3 f5 14. exf5 gxf5 15. f4
e4 16. Bd4 Nf6 17. Rg1 c5 18. dxc6 bxc6 19. c5 d5 20. Bf1 Ng6 21. Ng2 Be6 22.
Ne3 Qc7 23. Qd2 Rab8 24. Rb1 h5 25. h4 Rb4 26. Ne2 a5 27. Bh3 Rfb8 28. Qc3 Ng4+
29. Bxg4 hxg4 30. b3 Nxh4 31. gxh4 Rxd4 32. Nxd4 Qxf4+ 33. Kh1 g3 34. Rg2 Qxh4+
35. Kg1 f4 36. Qd2 Bd7 37. Nef5 Bxd4+ 38. Nxd4 Kg7 39. Rf1 Rh8 40. Rh2 Qxh2+ 41.
Qxh2 gxh2+ 42. Kh1 f3 0-1

[Event "33rd Leon Blitz Open 2020"]
[Site "chess.com INT"]
[Date "2020.07.14"]
[Round "5"]
[White "Gabdrakhmanov, Azat"]
[Black "Sarana, Alexey"]
[Result "0-1"]
[WhiteTitle "FM"]
[BlackTitle "GM"]
[WhiteElo "2328"]
[BlackElo "2654"]
[WhiteFideId "34189197"]
[BlackFideId "24133795"]
[EventDate "2020.07.14"]
[EventType "blitz"]

1. e4 c5 2. Nf3 d6 3. d4 cxd4 4. Nxd4 Nf6 5. Nc3 a6 6. Be3 e5 7. Nb3 Be6 8. Qd2
Nbd7 9. O-O-O b5 10. Kb1 Be7 11. f4 O-O 12. f5 Bc4 13. g4 Nxg4 14. Rg1 Ndf6 15.
Bg5 Kh8 16. h3 Bxf1 17. Rdxf1 b4 18. hxg4 bxc3 19. Qh2 Nxg4 20. Rxg4 Bxg5 21. f6
Qxf6 22. Rxf6 gxf6 23. bxc3 Rac8 24. Kb2 Rg8 25. Qh5 Rg6 26. Rxg5 fxg5 27. Qg4
Rb8 28. c4 Kg7 29. Kc3 h5 30. Qxh5 g4 31. Nd2 Rh8 32. Qf5 g3 33. Nf3 g2 34. Ng1
Rh1 35. Qf2 Rh8 36. c5 Rc8 37. Kb3 Rxc5 38. c4 Rc8 39. Ne2 Rb8+ 40. Kc2 Rg8 41.
Qh4 g1=Q 42. Nxg1 Rxg1 43. Qe7 Rg6 44. Kc3 Rh8 45. Kb4 Rh2 46. a3 Re2 47. Qb7
Rb2+ 0-1

[Event "33rd Leon Blitz Open 2020"]
[Site "chess.com INT"]
[Date "2020.07.14"]
[Round "5"]
[White "Trickov, Vasil"]
[Black "Pon, Matt"]
[Result "1-0"]
[WhiteTitle "IM"]
[BlackTitle "FM"]
[WhiteElo "2302"]
[BlackElo "2185"]
[WhiteFideId "311103"]
[BlackFideId "14301644"]
[EventDate "2020.07.14"]
[EventType "blitz"]

1. d4 Nf6 2. Nf3 c5 3. g3 cxd4 4. Nxd4 Nc6 5. Bg2 e5 6. Nxc6 bxc6 7. c4 Be7 8.
Nc3 O-O 9. O-O Qc7 10. e4 Ba6 11. b3 h6 12. Be3 Rfd8 13. Rc1 Qa5 14. Re1 Bb4 15.
Bd2 d5 16. exd5 cxd5 17. Rxe5 Qc7 18. Rxd5 Bxc3 19. Rxd8+ Rxd8 20. Rxc3 Qd6 21.
Rc2 Bc8 22. Qe1 Bf5 23. Bb4 Qd1 24. Re2 Qd7 25. Be7 Re8 26. Bxf6 Rxe2 27. Qxe2
gxf6 28. Bd5 Kg7 29. Qe3 Bh3 30. Qe4 Qd6 31. Qh4 Qd7 32. f3 Qf5 33. Qe4 Qg5 34.
Qf4 Qg6 35. g4 Qb1+ 36. Kf2 Qf1+ 37. Kg3 Bg2 38. Qd2 Bh1 39. Qf2 Qa1 40. h4 Qe5+
41. Kh3 Qf4 42. Qf1 h5 43. Qxh1 Kh6 44. Qg2 Qe3 45. g5+ Kh7 46. gxf6 1-0

[Event "33rd Leon Blitz Open 2020"]
[Site "chess.com INT"]
[Date "2020.07.14"]
[Round "5"]
[White "Tsvetkov, Andrey"]
[Black "Karas, Marek"]
[Result "1-0"]
[WhiteTitle "FM"]
[BlackTitle "FM"]
[WhiteElo "2358"]
[BlackElo "2249"]
[WhiteFideId "34139360"]
[BlackFideId "14928558"]
[EventDate "2020.07.14"]
[EventType "blitz"]

1. d4 Nf6 2. c4 e6 3. Nc3 Bb4 4. f3 c5 5. d5 O-O 6. e4 b5 7. Nh3 exd5 8. cxd5 d6
9. Nf2 a6 10. a4 bxa4 11. Rxa4 Nbd7 12. Be2 Nb6 13. Ra1 a5 14. O-O Bd7 15. Bg5
h6 16. Bh4 a4 17. f4 Re8 18. Qc2 a3 19. bxa3 Bxc3 20. Qxc3 Nxe4 21. Nxe4 Qxh4
22. Bf3 Nxd5 23. Qd2 Be6 24. Nxd6 Red8 25. Nb7 Nxf4 26. Nxd8 Rxd8 27. Qe3 c4 28.
a4 Nd5 29. Qe5 Nb4 30. a5 Nd3 31. Qe3 Nb4 32. a6 Nxa6 33. Rxa6 Rc8 34. Rc6 Re8
35. Ra6 Qd8 36. Rd1 Qc7 37. Qb6 Qe5 38. Qd4 Qc7 39. Rc6 Qe7 40. Rd6 Kh7 41. Rd8
Rxd8 42. Qxd8 Qc5+ 43. Qd4 Qb5 44. Be2 Qb3 45. Rc1 Qa2 46. Bxc4 Qa3 47. Qd3+
Qxd3 48. Bxd3+ 1-0

[Event "33rd Leon Blitz Open 2020"]
[Site "chess.com INT"]
[Date "2020.07.14"]
[Round "5"]
[White "Azarov, Sergei"]
[Black "Lintchevski, Daniil"]
[Result "1-0"]
[WhiteTitle "GM"]
[BlackTitle "GM"]
[WhiteElo "2604"]
[BlackElo "2559"]
[WhiteFideId "13501470"]
[BlackFideId "4171055"]
[EventDate "2020.07.14"]
[EventType "blitz"]

1. e4 c5 2. Nf3 e6 3. d4 cxd4 4. Nxd4 Nf6 5. Nc3 Nc6 6. Ndb5 d6 7. Bf4 e5 8. Bg5
a6 9. Na3 Be6 10. Nc4 Rb8 11. Ne3 Be7 12. Bxf6 Bxf6 13. Ned5 Bg5 14. Bd3 O-O 15.
O-O b5 16. a3 Ne7 17. Be2 Nxd5 18. Nxd5 Qc8 19. c3 Qc5 20. Nb4 Qb6 21. Qd3 Rfd8
22. Rad1 g6 23. Nd5 Qc5 24. Qg3 Bh6 25. h4 Kg7 26. h5 a5 27. Qh4 Bxd5 28. Rxd5
Qc6 29. g3 b4 30. axb4 axb4 31. c4 Qc7 32. Kg2 Rb7 33. Rh1 Qe7 34. Qxe7 Rxe7 35.
c5 Ra7 36. cxd6 Bg5 37. Bb5 Ra2 38. Rb1 gxh5 39. d7 h4 40. Rxe5 Bf6 41. Re8 hxg3
42. e5 Bg5 43. f4 Bh4 44. Kh3 g2 45. Kxh4 Rxb2 46. Rg1 Rxd7 47. Bxd7 Rf2 48. Kg3
Rd2 49. Bf5 1-0

[Event "33rd Leon Blitz Open 2020"]
[Site "chess.com INT"]
[Date "2020.07.14"]
[Round "5"]
[White "Hovhannisyan, Robert"]
[Black "Gabrielian, Artur"]
[Result "1-0"]
[WhiteTitle "GM"]
[BlackTitle "GM"]
[WhiteElo "2642"]
[BlackElo "2463"]
[WhiteFideId "13302507"]
[BlackFideId "4131002"]
[EventDate "2020.07.14"]
[EventType "blitz"]

1. e4 c5 2. Nf3 d6 3. d4 cxd4 4. Nxd4 Nf6 5. Nc3 Nc6 6. Be2 e6 7. Be3 Be7 8. Qd2
O-O 9. O-O-O a6 10. f4 Qc7 11. g4 Nxd4 12. Bxd4 b5 13. g5 Nd7 14. a3 Bb7 15.
Rhf1 Nc5 16. f5 Nxe4 17. Nxe4 Bxe4 18. f6 Rfc8 19. Bd3 Bxd3 20. Qxd3 Bf8 21.
fxg7 Bxg7 22. Bxg7 Kxg7 23. Kb1 Qc5 24. h4 Rc7 25. Rf6 Rac8 26. c3 a5 27. Rh6
Qf5 28. Qxf5 exf5 29. Rhxd6 b4 30. axb4 axb4 31. cxb4 Rc4 32. R6d4 f6 33. Rd7+
Kg6 34. R1d6 R4c6 35. b5 Rxd6 36. Rxd6 Kh5 37. Rxf6 Kg4 38. Ka2 f4 39. Kb3 f3
40. Kb4 Kg3 41. b6 f2 42. Kb5 Kg2 43. b4 f1=Q+ 44. Rxf1 Kxf1 45. b7 Rg8 46. Ka6
Kg2 47. Ka7 1-0

[Event "33rd Leon Blitz Open 2020"]
[Site "chess.com INT"]
[Date "2020.07.14"]
[Round "5"]
[White "Henderson de La Fuente, Lance"]
[Black "Lysyj, Igor"]
[Result "0-1"]
[WhiteTitle "GM"]
[BlackTitle "GM"]
[WhiteElo "2491"]
[BlackElo "2594"]
[WhiteFideId "32096585"]
[BlackFideId "4150120"]
[EventDate "2020.07.14"]
[EventType "blitz"]

1. d4 d5 2. Nf3 Nf6 3. c4 dxc4 4. e3 e6 5. Bxc4 c5 6. O-O cxd4 7. Qxd4 Qxd4 8.
Nxd4 Be7 9. Nc3 O-O 10. b3 a6 11. Bb2 b5 12. Be2 Bb7 13. Rac1 Nbd7 14. Bf3 Bxf3
15. gxf3 Rfc8 16. Nce2 Nc5 17. Rfd1 Kf8 18. Kf1 g6 19. Rc2 Nd5 20. Ba3 b4 21.
Bb2 Rc7 22. f4 Rac8 23. Ng3 h5 24. Nf3 h4 25. Ne2 Ne4 26. Rxc7 Rxc7 27. Rc1
Rxc1+ 28. Nxc1 Ndc3 29. Bxc3 Nxc3 30. Ke1 Bf6 31. h3 Ke7 32. Kd2 Ne4+ 33. Ke2
Kd6 34. Nd2 Nc3+ 35. Kd3 Kc6 36. Ne4 Nd5 37. Ne2 Be7 38. Nd4+ Kc7 39. Nf3 f5 40.
Neg5 Kd6 41. Nxh4 Nc3 42. Nxg6 Nxa2 43. h4 Bf6 44. h5 Nc1+ 45. Kc4 a5 46. h6 a4
47. Nf7+ Kc7 48. Kxb4 axb3 0-1

[Event "33rd Leon Blitz Open 2020"]
[Site "chess.com INT"]
[Date "2020.07.14"]
[Round "5"]
[White "Pichot, Alan"]
[Black "Le, Tuan Minh"]
[Result "0-1"]
[WhiteTitle "GM"]
[BlackTitle "IM"]
[WhiteElo "2630"]
[BlackElo "2501"]
[WhiteFideId "110973"]
[BlackFideId "12401153"]
[EventDate "2020.07.14"]
[EventType "blitz"]

1. e4 c5 2. Nf3 Nf6 3. Nc3 d5 4. exd5 Nxd5 5. Bb5+ Bd7 6. Qe2 Nb4 7. Bxd7+ Qxd7
8. d3 N8c6 9. O-O e6 10. a3 Nd5 11. Bd2 Be7 12. Nxd5 Qxd5 13. Bc3 O-O 14. Qe4
Rfd8 15. Rfe1 Rac8 16. Qxd5 Rxd5 17. Re4 b5 18. b3 Nd4 19. Bxd4 cxd4 20. Ra2 Bf6
21. Kf1 g6 22. Ke1 Bg7 23. Kd1 Rc6 24. Kc1 f5 25. Re2 e5 26. Kb1 Ra6 27. Nd2 Bh6
28. Nf3 Bg7 29. Nd2 Kf7 30. a4 bxa4 31. bxa4 Rb6+ 32. Nb3 e4 33. Rb2 Rb4 34. a5
Rdb5 35. Ka2 g5 36. g4 exd3 37. cxd3 fxg4 38. Re4 h5 39. Ka3 Bf6 40. Ka2 Kg6 41.
Re6 Rb7 42. Rc6 Kg7 43. Re6 R4b5 44. Ree2 Kg6 45. Rec2 Be5 46. Rc6+ Kg7 47. Re2
Bxh2 48. Rb2 Be5 0-1

[Event "33rd Leon Blitz Open 2020"]
[Site "chess.com INT"]
[Date "2020.07.14"]
[Round "5"]
[White "Parnali, S Dharia"]
[Black "Demin, Vladimir"]
[Result "0-1"]
[WhiteTitle "WIM"]
[BlackTitle "IM"]
[WhiteElo "2243"]
[BlackElo "2430"]
[WhiteFideId "5043131"]
[BlackFideId "4167457"]
[EventDate "2020.07.14"]
[EventType "blitz"]

1. d4 Nf6 2. c4 e5 3. Nc3 exd4 4. Qxd4 Nc6 5. Qe3+ Be7 6. Nf3 O-O 7. g3 Re8 8.
Bg2 Bb4 9. Qd3 d5 10. cxd5 Qxd5 11. Be3 Qxd3 12. exd3 Bf5 13. O-O-O Rad8 14. d4
Ng4 15. Rhe1 Na5 16. Nd2 c5 17. d5 Ne5 18. Nde4 Nec4 19. Bxc5 Bxc3 20. Nxc3 Rc8
21. Rxe8+ Rxe8 22. b4 Ne5 23. bxa5 Rc8 24. Bd4 Nd3+ 25. Kd2 Nb4 26. d6 Rd8 27.
Re1 f6 28. Bc5 Na6 29. Bd5+ Kf8 30. d7+ Nxc5 31. a6 Rxd7 32. axb7 Nxb7 33. Ke3
Nc5 34. Rd1 Re7+ 35. Kf3 h5 36. Kg2 h4 37. gxh4 Ne6 38. Bb3 Nf4+ 39. Kg3 Nh5+
40. Kf3 g6 41. Rd8+ Kg7 42. Rg8+ Kh7 43. Ra8 Bd3 44. Bg8+ Kg7 45. Bd5 f5 46.
Rg8+ Kh7 47. Rb8 Nf6 48. Rb7 Nxd5 0-1

[Event "33rd Leon Blitz Open 2020"]
[Site "chess.com INT"]
[Date "2020.07.14"]
[Round "5"]
[White "Tang, Andrew"]
[Black "Rychagov, Andrey"]
[Result "1-0"]
[WhiteTitle "GM"]
[BlackTitle "GM"]
[WhiteElo "2538"]
[BlackElo "2545"]
[WhiteFideId "2059630"]
[BlackFideId "4119932"]
[EventDate "2020.07.14"]
[EventType "blitz"]

1. d4 d5 2. Bf4 Nf6 3. e3 c5 4. dxc5 Nc6 5. Bb5 Bg4 6. f3 Bd7 7. Nc3 e6 8. Bxc6
bxc6 9. b4 a5 10. a3 Nh5 11. Be5 f6 12. Bg3 Nxg3 13. hxg3 Qb8 14. Rb1 Qxg3+ 15.
Kf1 axb4 16. axb4 Qe5 17. Qd2 Be7 18. Nge2 O-O 19. Kf2 Qc7 20. Qd4 e5 21. Qh4 h6
22. Qg3 Kh7 23. Rh2 f5 24. f4 Rf6 25. fxe5 Rg6 26. Qf3 Qxe5 27. Rbh1 Ra3 28. Nb1
Ra4 29. c3 Ra2 30. Qf4 Bf6 31. Qxe5 Bxe5 32. Rh5 Bc8 33. Kf3 Ba6 34. Re1 Bxe2+
35. Rxe2 Rxe2 36. Kxe2 Rxg2+ 37. Kd3 Kg6 38. Rh1 h5 39. Nd2 Bf6 40. Nb3 h4 41.
Na5 Rg3 42. Nxc6 f4 43. b5 Rxe3+ 44. Kd2 Bxc3+ 45. Kc2 Bf6 46. b6 Rc3+ 47. Kd2
Rb3 48. Na5 Rb5 49. c6 Be5 50. c7 Bxc7 51. bxc7 Rc5 52. Rc1 Rxc1 53. Kxc1 h3 54.
c8=Q 1-0

[Event "33rd Leon Blitz Open 2020"]
[Site "chess.com INT"]
[Date "2020.07.14"]
[Round "5"]
[White "Anton Guijarro, David"]
[Black "Manolache, Marius"]
[Result "1-0"]
[WhiteTitle "GM"]
[BlackTitle "GM"]
[WhiteElo "2703"]
[BlackElo "2541"]
[WhiteFideId "2285525"]
[BlackFideId "1201530"]
[EventDate "2020.07.14"]
[EventType "blitz"]

1. d4 Nf6 2. Nf3 e6 3. e3 c5 4. Bd3 Nc6 5. O-O Be7 6. a3 a6 7. b3 b6 8. Bb2 cxd4
9. exd4 d5 10. Nbd2 O-O 11. Qe2 Bb7 12. Rad1 Qc7 13. Rfe1 g6 14. Nf1 Nh5 15. g3
b5 16. Ne5 Nxe5 17. dxe5 Rac8 18. Nd2 Ng7 19. b4 a5 20. bxa5 Qxa5 21. Nb3 Qc7
22. Nd4 b4 23. a4 Bc6 24. Ra1 Rb8 25. a5 Bc5 26. Nb3 Ba7 27. Bd4 Ra8 28. Qe3
Rfb8 29. a6 Bb5 30. Rec1 Bc4 31. g4 Rc8 32. Kg2 Qe7 33. h3 h5 34. Rh1 Rc7 35.
Ra5 Rac8 36. Bxa7 Rxa7 37. Rha1 Rca8 38. Nd4 Qd7 39. Bxc4 dxc4 40. Qe4 hxg4 41.
hxg4 Rc8 42. Nb5 Raa8 43. Nd6 Rc7 44. Nxc4 Qe7 45. Ne3 Rc3 46. Qxa8+ Ne8 47. a7
Kg7 48. Qf3 Nc7 49. a8=Q Nxa8 50. Rxa8 b3 51. cxb3 Rxb3 52. Rh1 Rxe3 53. fxe3
Qg5 54. Rah8 Qxe5 55. R1h7# 1-0

[Event "33rd Leon Blitz Open 2020"]
[Site "chess.com INT"]
[Date "2020.07.14"]
[Round "5"]
[White "Holt, Conrad"]
[Black "Korobov, Anton"]
[Result "1-0"]
[WhiteTitle "GM"]
[BlackTitle "GM"]
[WhiteElo "2549"]
[BlackElo "2688"]
[WhiteFideId "2034387"]
[BlackFideId "14105730"]
[EventDate "2020.07.14"]
[EventType "blitz"]

1. d4 Nf6 2. c4 g6 3. Nc3 Bg7 4. e4 d6 5. Nf3 O-O 6. h3 e5 7. dxe5 dxe5 8. Qxd8
Rxd8 9. Bg5 Nbd7 10. Rd1 Rf8 11. Nd5 c6 12. Ne7+ Kh8 13. Be3 Nb6 14. c5 Na4 15.
Nxc8 Raxc8 16. Nd2 Rcd8 17. Rb1 Nd7 18. Nb3 f5 19. f3 fxe4 20. fxe4 Nf6 21. Nd2
Nh5 22. Bc4 Nf4 23. O-O Bh6 24. Kh2 Kg7 25. Bb3 Rd3 26. Nc4 Rxe3 27. Nxe3 Nxc5
28. Ng4 Re8 29. g3 Nfe6 30. Rbd1 Bg5 31. Bxe6 Rxe6 32. b4 Nxe4 33. Rd7+ Re7 34.
Nxe5 Rxd7 35. Nxd7 b6 36. Re1 Nd6 37. Re6 Nf5 38. Rxc6 Be7 39. g4 Nd4 40. Rc4
Ne6 41. Kg2 Bd6 42. a4 Kf7 43. Re4 Ng5 44. Re2 Ne6 45. Ne5+ Kf6 46. Nd3 g5 47.
Re4 h6 48. Kf3 a5 49. bxa5 bxa5 50. Ke3 Bc7 51. Kd2 Bb6 52. Kc3 Nd8 53. Kc4 Nf7
54. Re1 Nd6+ 55. Kd5 Nf7 56. Re6+ 1-0

[Event "33rd Leon Blitz Open 2020"]
[Site "chess.com INT"]
[Date "2020.07.14"]
[Round "5"]
[White "Salinas Herrera, Pablo"]
[Black "Bluebaum, Matthias"]
[Result "0-1"]
[WhiteTitle "GM"]
[BlackTitle "GM"]
[WhiteElo "2514"]
[BlackElo "2647"]
[WhiteFideId "3407128"]
[BlackFideId "24651516"]
[EventDate "2020.07.14"]
[EventType "blitz"]

1. e4 e6 2. b3 d5 3. Bb2 a6 4. Qe2 d4 5. f4 c5 6. Nf3 Nc6 7. g3 e5 8. Bg2 Bd6 9.
f5 g6 10. O-O Bd7 11. d3 g5 12. Nfd2 h5 13. h3 Nf6 14. a4 Bc7 15. Na3 h4 16. g4
Rb8 17. Nf3 Nh7 18. Nc4 f6 19. Kh1 Nf8 20. Ba3 b5 21. Ncd2 Bd6 22. axb5 axb5 23.
Bb2 Bc8 24. Bc1 Rh7 25. Nb1 Ra7 26. Rxa7 Nxa7 27. Qe1 Nc6 28. Na3 Qe7 29. Nxg5
fxg5 30. f6 Qf7 31. Bxg5 Ng6 32. Nb1 Nd8 33. Nd2 Ne6 34. Bxh4 Ra8 35. Nf3 Ra2
36. Qc1 Ra6 37. Bg3 Ngf4 38. g5 Qh5 39. h4 Qg4 40. Qe1 Ra2 41. Nh2 Qh5 42. Bf3
Qf7 43. Bd1 c4 44. bxc4 bxc4 45. dxc4 Bb7 46. Ng4 Nc5 47. Bf3 Rxc2 48. Nh6 Qxc4
49. f7+ Kf8 50. Bxf4 exf4 51. Bg2 Rxg2 52. Kxg2 Bxe4+ 53. Kg1 Qc2 54. Rf2 Qd3
55. Qa5 Qg3+ 56. Kf1 Bd3+ 57. Ke1 Qg1+ 58. Kd2 Qxf2+ 0-1

[Event "33rd Leon Blitz Open 2020"]
[Site "chess.com INT"]
[Date "2020.07.14"]
[Round "5"]
[White "Williams, Simon K"]
[Black "Baches Garcia, Guillermo"]
[Result "1-0"]
[WhiteTitle "GM"]
[BlackTitle "IM"]
[WhiteElo "2464"]
[BlackElo "2329"]
[WhiteFideId "404454"]
[BlackFideId "2209764"]
[EventDate "2020.07.14"]
[EventType "blitz"]

1. d4 Nf6 2. Nc3 d5 3. Bf4 e6 4. e3 Bd6 5. Bd3 a6 6. Nf3 c5 7. dxc5 Bxc5 8. O-O
Nc6 9. e4 dxe4 10. Nxe4 Nxe4 11. Bxe4 Qxd1 12. Rfxd1 Bd7 13. c3 a5 14. Ne5 Nxe5
15. Bxe5 Ke7 16. Bxg7 Rhg8 17. Bd4 Bxd4 18. Rxd4 Bc6 19. Bxc6 bxc6 20. Rad1 Rab8
21. b3 Rg5 22. Rd7+ Kf6 23. c4 a4 24. R1d3 axb3 25. axb3 Rf5 26. g3 Ra8 27. R7d6
Ra2 28. Rd2 Ra1+ 29. Kg2 Rb1 30. Rxc6 Rxb3 31. Rc8 Rc3 32. h4 h5 33. Rc7 Kg6 34.
Re2 Rc1 35. Re3 Ra5 36. Rf3 f6 37. Rc6 Raa1 38. Re3 e5 39. Rxe5 Rg1+ 40. Kf3
Rac1 41. Ree6 Rc3+ 42. Ke2 Kf5 43. Rxf6+ Kg4 44. Rf4+ Kh3 45. Rd6 Rgc1 46. Rd3
R1c2+ 47. Rd2 Rxc4 48. Rxc2 Rxc2+ 49. Ke3 Rxf2 50. Kxf2 1-0

[Event "33rd Leon Blitz Open 2020"]
[Site "chess.com INT"]
[Date "2020.07.14"]
[Round "5"]
[White "Rojas Salas, Steven"]
[Black "Ajay, Karthikeyan"]
[Result "1-0"]
[WhiteTitle "FM"]
[BlackTitle "FM"]
[WhiteElo "2194"]
[BlackElo "2315"]
[WhiteFideId "3819434"]
[BlackFideId "35011685"]
[EventDate "2020.07.14"]
[EventType "blitz"]

1. c4 c6 2. Nf3 d5 3. e3 Nf6 4. Qc2 e6 5. b3 Bd6 6. Bb2 O-O 7. Bd3 h6 8. Rg1 Na6
9. a3 Re8 10. Ne5 Nc5 11. Be2 Ncd7 12. f4 Qc7 13. d4 Ne4 14. Nd2 Nxd2 15. Qxd2
Nf6 16. Bd3 b6 17. g4 Ne4 18. Bxe4 dxe4 19. g5 hxg5 20. Qg2 f6 21. Ng4 e5 22.
fxg5 Bxg4 23. Qxg4 f5 24. Qxf5 exd4 25. Bxd4 Rad8 26. Ke2 Bc5 27. Rad1 Qxh2+ 28.
Qf2 Qh5+ 29. Ke1 Rf8 30. Qg2 Bxd4 31. Rxd4 Rxd4 32. exd4 Rf3 33. Qg4 Qh2 34.
Qe6+ Kh7 35. Qxe4+ g6 36. Qxf3 Qxg1+ 37. Ke2 Qxg5 38. Qxc6 Qg4+ 39. Ke3 Qg3+ 40.
Qf3 Qe1+ 41. Kf4 Qc1+ 42. Ke5 Qxa3 43. Qh3+ Kg7 44. Qd7+ Kh6 45. Qh3+ Kg7 46.
Qd7+ Kg8 47. Kf6 Qf8+ 48. Kxg6 1-0

[Event "33rd Leon Blitz Open 2020"]
[Site "chess.com INT"]
[Date "2020.07.14"]
[Round "5"]
[White "Das, Sayantan"]
[Black "Djukic, Nikola"]
[Result "1-0"]
[WhiteTitle "IM"]
[BlackTitle "GM"]
[WhiteElo "2431"]
[BlackElo "2525"]
[WhiteFideId "5034426"]
[BlackFideId "922412"]
[EventDate "2020.07.14"]
[EventType "blitz"]

1. e4 c5 2. Nf3 Nc6 3. d4 cxd4 4. Nxd4 Qc7 5. Nc3 e6 6. Be3 a6 7. Qd2 Nf6 8.
O-O-O Bb4 9. f3 Ne5 10. Nb3 b5 11. Kb1 Be7 12. Qf2 d6 13. g4 Nfd7 14. g5 Bb7 15.
h4 b4 16. Na4 Nxf3 17. Qxf3 Bc6 18. h5 Bxa4 19. g6 O-O 20. h6 fxg6 21. Qh3 Nf6
22. hxg7 Rf7 23. Bg5 Nh5 24. Bxe7 Qxe7 25. Bc4 Bd7 26. Nd4 d5 27. exd5 exd5 28.
Qg2 Nf4 29. Qf3 Rd8 30. Bxd5 Nxd5 31. Qxd5 Bg4 32. Nc6 Rxd5 33. Nxe7+ Rxe7 34.
Rxd5 Kxg7 35. Rg1 Bf3 36. Ra5 Be2 37. Re1 Kf6 38. Kc1 h5 39. Kd2 Bb5 40. Rxe7
Kxe7 41. a4 bxa3 42. Rxa3 g5 43. Ke3 Kf6 44. Ke4 Bc6+ 45. Ke3 Bb5 46. Kf3 Kf5
47. Kg3 h4+ 48. Kh3 Bf1+ 49. Kh2 g4 50. Ra5+ Kf4 51. Ra4+ Kf3 52. Kg1 Be2 53. c4
h3 54. Ra3+ Kf4 55. Kh2 Ke4 56. Rc3 Kf4 57. c5 Bb5 58. c6 g3+ 59. Kxh3 Bf1+ 60.
Kh4 g2 61. Rg3 Bb5 62. c7 Bd7 63. Rxg2 1-0

[Event "33rd Leon Blitz Open 2020"]
[Site "chess.com INT"]
[Date "2020.07.14"]
[Round "5"]
[White "Perez Molina, Robinson"]
[Black "Klekowski, Maciej"]
[Result "0-1"]
[WhiteTitle "FM"]
[BlackTitle "GM"]
[WhiteElo "2240"]
[BlackElo "2506"]
[WhiteFideId "3403882"]
[BlackFideId "1132717"]
[EventDate "2020.07.14"]
[EventType "blitz"]

1. Nf3 f5 2. d4 Nf6 3. g3 g6 4. c3 Bg7 5. Qb3 e6 6. Bg5 h6 7. Bxf6 Qxf6 8. Bg2
Nc6 9. a4 a5 10. Nbd2 d6 11. O-O O-O 12. e4 fxe4 13. Nxe4 Qf7 14. Rfe1 g5 15. h3
Kh8 16. Re2 Ne7 17. Rae1 Qg6 18. h4 g4 19. Nh2 Ra6 20. Nd2 Rb6 21. Qa2 d5 22.
Nb3 Rd6 23. Nxa5 b6 24. Nb3 Ba6 25. Rd2 h5 26. Qb1 Qf6 27. Nc1 Bh6 28. Rc2 c5
29. dxc5 bxc5 30. b4 cxb4 31. cxb4 Bc4 32. Qb2 Qxb2 33. Rxb2 e5 34. Rc2 Ng6 35.
Bf1 Bxf1 36. Nxf1 e4 37. Rd1 Ne5 38. Kg2 d4 39. Re2 Bxc1 40. Rxc1 Nd3 41. Rd1
Rdf6 42. Rdd2 Kg7 43. Rxe4 Nxf2 44. Rf4 Rxf4 45. gxf4 Nh3 46. Ng3 Nxf4+ 47. Kg1
d3 48. Ne4 Re8 49. Nc5 Re1+ 50. Kf2 Rh1 51. Nxd3 Rh2+ 52. Ke3 Nd5+ 53. Ke4 Rxd2 0-1

[Event "33rd Leon Blitz Open 2020"]
[Site "chess.com INT"]
[Date "2020.07.14"]
[Round "5"]
[White "Mekhitarian, Krikor Sevag"]
[Black "Tronenkovs, Valdis"]
[Result "0-1"]
[WhiteTitle "GM"]
[BlackTitle "FM"]
[WhiteElo "2554"]
[BlackElo "2265"]
[WhiteFideId "2107660"]
[BlackFideId "11601558"]
[EventDate "2020.07.14"]
[EventType "blitz"]

1. e4 c5 2. Nf3 Nc6 3. Nc3 g6 4. d4 cxd4 5. Nxd4 Bg7 6. Be3 Nf6 7. Bc4 O-O 8.
Bb3 d5 9. exd5 Na5 10. Nde2 a6 11. O-O b5 12. Nf4 Bb7 13. Re1 Re8 14. Bd4 Nxb3
15. axb3 b4 16. Na4 Nxd5 17. Ne2 e5 18. Bc5 Rc8 19. Ng3 f5 20. Kh1 Qc7 21. f3
Qc6 22. Qe2 e4 23. fxe4 fxe4 24. Rad1 Kh8 25. Bd4 Qxc2 26. Bxg7+ Kxg7 27. Rd2
Qxb3 28. Ra1 Qc4 29. Qxc4 Rxc4 30. b3 Rc7 31. Rad1 e3 32. Rd4 Nc3 33. Nxc3 bxc3
34. Rd7+ Re7 35. Rxc7 Rxc7 36. Rc1 Bd5 37. b4 Rc4 38. Ne2 Rxb4 39. Nxc3 Rc4 40.
Kg1 Bc6 41. Kf1 Bb5 42. Ke1 Kf7 43. Rc2 Ke6 44. Nxb5 axb5 45. Rb2 b4 46. Ke2 Re4
47. Rc2 Kd5 48. Rc7 b3 49. Rb7 Kc4 50. Rxh7 Kc3 51. Rc7+ Rc4 0-1